Statistics for Enemies of East Asian Countries

Click here to take the quiz!

General Stats

  • This quiz has been taken 89 times
  • The average score is 10 of 10

Answer Stats

CountryEnemy% Correct
Hong KongChina
98%
TaiwanChina
98%
IndiaChina/Pakistan
98%
ChinaIndia/United States
98%
JapanNorth Korea
98%
South KoreaNorth Korea
98%
BhutanChina
97%
MacaoChina
97%
North KoreaSouth Korea
97%
BangladeshMyanmar
88%

Score Distribution

Percentile by Number Answered

Percent of People with Each Score

Your Score History

You have not taken this quiz